Australian Prison trends Nos.188-191 (January - April 1992)

Saved in:  
Bibliographic Details
Main Author: Walker, John (Author)
Format: Print Article
Language:English
Published: 1992
In:In: Facts and figures in crime and criminal justice (1992)
Availability in Tübingen:Present in Tübingen.
IFK: 7190
Check availability: HBZ Gateway
Keywords:

MARC

LEADER 00000caa a22000002c 4500
001 1640256563
003 DE-627
005 20220608131525.0
007 tu
008 160223s1992 xx ||||| 00| ||eng c
035 |a (DE-627)1640256563 
035 |a (DE-576)456095691 
035 |a (DE-599)BSZ456095691 
040 |a DE-627  |b ger  |c DE-627  |e rakwb 
041 |a eng 
100 1 |a Walker, John  |4 aut 
245 1 0 |a Australian Prison trends Nos.188-191 (January - April 1992)  |c John Walker 
264 1 |c 1992 
336 |a Text  |b txt  |2 rdacontent 
337 |a ohne Hilfsmittel zu benutzen  |b n  |2 rdamedia 
338 |a Band  |b nc  |2 rdacarrier 
773 0 8 |i In  |a Facts and figures in crime and criminal justice  |g (1992) 
773 1 8 |g year:1992 
935 |a mkri 
951 |a AR 
ELC |b 1 
LOK |0 000 xxxxxcx a22 zn 4500 
LOK |0 001 3301745849 
LOK |0 003 DE-627 
LOK |0 004 1640256563 
LOK |0 005 20160223101457 
LOK |0 008 160208||||||||||||||||ger||||||| 
LOK |0 040   |a DE-21-110  |c DE-627  |d DE-21-110 
LOK |0 689   |a s  |a Frauenstrafvollzug 
LOK |0 689   |a s  |a Untersuchungshaft 
LOK |0 689   |a s  |a Gefangenenzahlen 
LOK |0 689   |a s  |a Kanada 
LOK |0 852   |a DE-21-110 
LOK |0 852 1  |c 7190  |m p  |9 00 
LOK |0 935   |a k110 
LOK |0 938   |k p 
LOK |0 939   |a 08-02-16  |b l01 
ORI |a SA-MARC-krimdoka001.raw 
SIG |a IFK: 7190